书目信息 |
| 题名: |
算法与数据结构
|
|
| 作者: | 李广水 , 钱海忠 主编 | |
| 分册: | ||
| 出版信息: | 北京 电子工业出版社 2017.08 |
|
| 页数: | 234页 | |
| 开本: | 26cm | |
| 丛书名: | ||
| 单 册: | ||
| 中图分类: | TP301.6 , TP311.12 | |
| 科图分类: | ||
| 主题词: | 算法分析--高等学校--教材 , 数据结构--高等学校--教材 | |
| 电子资源: | ||
| ISBN: | 978-7-121-31513-8 | |
| 000 | 01067nam0 2200253 450 | |
| 001 | 1360 | |
| 005 | 20180928090504.00 | |
| 010 | @a978-7-121-31513-8@dCNY38.00 | |
| 100 | @a20170522d2017 em y0chiy0110 ea | |
| 101 | 0 | @achi |
| 102 | @aCN@b110000 | |
| 105 | @ay z 000yy | |
| 200 | 1 | @a算法与数据结构@9suan fa yu shu ju jie gou@f李广水,钱海忠主编 |
| 210 | @a北京@c电子工业出版社@d2017.08 | |
| 215 | @a234页@d26cm | |
| 330 | @a本书核心内容为顺序存储与链式存储,强调函数的重要性,包括示例的函数给出、栈在递归函数的应用等。本书包括基础理论(1-2章),基础应用(3-7章),常规应用(第8-9章),经典算法分析(10章)4部分,实现了从理论到实践的过渡,适合应用型本科学生作为教材使用,紧扣学时安排教学内容。本书适合计算机科学与技术、软件工程、信息管理与信息系统等专业应用型本科学生学习使用。 | |
| 606 | 0 | @a算法分析@x高等学校@j教材 |
| 606 | 0 | @a数据结构@x高等学校@j教材 |
| 690 | @aTP301.6@v5 | |
| 690 | @aTP311.12@v5 | |
| 701 | 0 | @a李广水@9li guang shui@4主编 |
| 701 | 0 | @a钱海忠@9qian hai zhong@4主编 |
| 801 | 0 | @aCN@b91CIP@c20170522 |
| 905 | @aMuseLib@dTP301.6@e808 | |
| 算法与数据结构/李广水,钱海忠主编.-北京:电子工业出版社,2017.08 |
| 234页;26cm |
| ISBN 978-7-121-31513-8:CNY38.00 |
| 本书核心内容为顺序存储与链式存储,强调函数的重要性,包括示例的函数给出、栈在递归函数的应用等。本书包括基础理论(1-2章),基础应用(3-7章),常规应用(第8-9章),经典算法分析(10章)4部分,实现了从理论到实践的过渡,适合应用型本科学生作为教材使用,紧扣学时安排教学内容。本书适合计算机科学与技术、软件工程、信息管理与信息系统等专业应用型本科学生学习使用。 |
| ● |
| 相关链接 |
|
|
|
|
正题名:算法与数据结构
索取号:TP301.6/808
 
预约/预借
| 序号 | 登录号 | 条形码 | 馆藏地/架位号 | 状态 | 备注 |
| 1 | 1122297 | 211222979 | 第二样本阅览室/ [索取号:TP301.6/808] | 在馆 | |
| 2 | 1122298 | 211222988 | 第三借阅区/ [索取号:TP301.6/808] | 在馆 | |
| 3 | 1122299 | 211222997 | 第三借阅区/ [索取号:TP301.6/808] | 在馆 | |
| 4 | 1122300 | 211223004 | 第三借阅区/ [索取号:TP301.6/808] | 在馆 | |
| 5 | 1122301 | 211223013 | 第三借阅区/ [索取号:TP301.6/808] | 在馆 |